000 00422nam a22001577a 4500
020 _a0091753686
082 _a641.82
_bATK
_cn-01, P-40
100 _aSue Atkinson
_946805
245 _a365 Quick & Easy Dishes
_cSue Atkinson
260 _aLondon
_bEbury Press
300 _a176 P, :
526 _a0
_b0
_c0
_d641_820000000000000_ATK
526 _a0
_b0
_c0
_d641_820000000000000_ATK
650 _aMCE
_9379
942 _2ddc
_cBK
999 _c550066
_d550066